Estadísticas para 140 bairros de Salvador

Haz click aquí para intentar la prueba.

Estadísticas generales

  • Esta prueba ha sido intentada 37 veces
  • La puntuación promedio es 57 de 140

Estadísticas de respuestas

HintBairro / Localidade% Correcto
Barra
86%
Ondina
86%
Pituba
86%
Amaralina
79%
Boca do Rio
79%
Brotas
79%
Cabula
79%
Cajazeiras
79%
Imbuí
79%
Rio Vermelho
79%
Centro
71%
Itapuã
71%
Nordeste
71%
Pelourinho
71%
Piatã
71%
Ribeira
71%
São Cristovão
71%
Bairro da Paz
64%
Fazenda Grande
64%
Federação
64%
Graça
64%
Mata Escura
64%
Mussurunga
64%
Periperi
64%
Pernambués
64%
Pirajá
64%
São Marcos
64%
Sussuarana
64%
Bonocô
57%
Cosme de Farias
57%
Garcia
57%
Itaigara
57%
Liberdade
57%
Paripe
57%
Pero Vaz
57%
São Caetano
57%
Stiep
57%
Uruguai
57%
Valéria
57%
Vila Laura
57%
Vitória
57%
Acupe de Brotas
50%
Alto do Cabrito
50%
Barbalho
50%
Bonfim
50%
Calçada
50%
Caminho das Árvores
50%
Canela
50%
Castelo Branco
50%
Costa Azul
50%
Engenho Velho da Federação
50%
Engenho Velho de Brotas
50%
Iguatemi
50%
Lobato
50%
Nazaré
50%
Patamares
50%
Retiro
50%
Saúde
50%
Stella Mares
50%
Boca da Mata
43%
Calabar
43%
Campo Grande
43%
Engomadeira
43%
Matatu
43%
Palestina
43%
Pituaçu
43%
Rio Sena
43%
Santo Antônio
43%
Tancredo Neves
43%
Trobogy
43%
Barris
36%
Barroquinha
36%
Caixa D'Água
36%
Curuzu
36%
Horto Florestal
36%
IAPI
36%
Ilha Amarela
36%
Jaguaribe
36%
Lapinha
36%
Marechal Rondon
36%
Nova Brasília
36%
Pau da Lima
36%
Plataforma
36%
Santa Cruz
36%
Vale das Pedrinhas
36%
Águas Claras
29%
Alto do Coqueirinho
29%
Arenoso
29%
Armação
29%
Capelinha
29%
Dois Leões
29%
Doron
29%
Macaúbas
29%
Massaranduba
29%
Pau Miúdo
29%
Resgate
29%
Roma
29%
Santa Mônica
29%
Bom Juá
21%
Calabetão
21%
Canabrava
21%
Candeal
21%
Cidade Nova
21%
Daniel Lisboa
21%
Fazenda Coutos
21%
Jardim Apipema
21%
Luis Anselmo
21%
Mares
21%
Narandiba
21%
Praia do Flamengo
21%
Saboeiro
21%
São Gonçalo
21%
São João do Cabrito
21%
Saramandaia
21%
Sete de Abril
21%
Tororó
21%
Vale dos Lagos
21%
Vista Alegre
21%
Alagados
14%
Baixa de Quintas
14%
Dom Avelar
14%
Itacaranha
14%
Jardim das Margaridas
14%
Novo Marotinho
14%
Penha
14%
Politeama
14%
Soledade
14%
Vale dos Rios
14%
Vila Canária
14%
Vila Rui Barbosa
14%
Alto da Terezinha
7%
Cidade Jardim
7%
Corsário
7%
Jardim Brasília
7%
Jardim Cajazeiras
7%
Jardim Nova Esperança
7%
Jardim Santo Inácio
7%
Nova Constituinte
7%
Novo Horizonte
7%
Pilar
7%

Distribución de puntuación

Porcentaje por número respondido

Porcentaje de gente con cada puntuación

Historial de tus puntuaciones

No has intentado esta prueba.